000 00567cam a22002053a 4500
001 38547
003 PGUSA
005 20140828083841.0
008 120110s2012||||xxu|||||s|||||000 | eng d
040 _aPGUSA
_beng
042 _adc
100 1 _aStendhal,
_d1783-1842
245 1 0 _aRömerinnen :
_bZwei Novellen
_h[electronic resource] /
_cStendhal
260 _bProject Gutenberg,
_c2012
506 _aPublic domain in the USA.
516 _aElectronic text
830 0 _aProject Gutenberg
_v38547
856 4 0 _uhttp://www.gutenberg.org/ebooks/38547
942 _cEB
999 _c267801
_d267801